Französisch Grundwissen - Konjugationen: voir - Statistiken

Allgemein
  • Dieses Quiz wurde 40 mal gespielt
  • Das Durchschnittsergebnis liegt bei 5 aus 6
Antwortstatistiken
Hint Antwort % Korrekt
Je vois
94%
Tu vois
94%
Il/Elle voit
85%
Ils/Elles voient
62%
Vous voyez
59%
Nous voyons
59%
Keine übereinstimmenden Quizze gefunden
Verteilung der Resultate
Anzahl Personen mit jedem Resultat
Perzentil nach korrekt beantworteten Fragen
Ihre Resultats-Entwicklung
Sie haben dieses Quiz noch nicht gespielt